000 00858nam a2200277Ia 4500
003 OSt
005 20220925215141.0
006 a|||||r|||| 00| 0
007 ta
008 220923b |||||||| |||| 00| 0 eng d
020 _a3718604191
037 _cGeneral Book
040 _aRTL
_cRTL
_beng
041 _2eng
_aeng
082 _aX0gF, M7
100 _aHanson Philip
_9282253
245 0 _aComparative Economics of research development and innovation in east and west
_b A survey
260 _aLondon
_bHarwood Academi
_c1987
300 _aviii,101p
_ccm.
490 _aFundametals of pure and Applied Economics, 25
500 _aBibliography: P 90-97
650 _aEconomic IRT Technology
700 _a Pavitt Keith
_9282254
942 _hX0gF, M7
_cGB
_2CC
999 _c568014
_d568014